| 000 | 00397nam a22001337a 4500 | ||
|---|---|---|---|
| 082 |
_a690 _bCHU _cL-39, P-49 |
||
| 100 |
_aChudley, R. _924710 |
||
| 245 |
_aConstruction technology 3 checkbook _cChudley, R. |
||
| 260 |
_aToronto, London _bButterworths Cientific _c1982 c. |
||
| 300 |
_avi, 121 p. _bill. _c17 cm |
||
| 526 |
_a0 _b0 _c0 _d690_000000000000000_CHU |
||
| 650 |
_aMCE _9379 |
||
| 942 |
_2ddc _cBK |
||
| 999 |
_c548651 _d548651 |
||